Länder, die mit B beginnen - Statistiken

Allgemein
  • Dieses Quiz wurde 274 mal gespielt
  • Das Durchschnittsergebnis liegt bei 12 aus 17
Antwortstatistiken
Land % Korrekt
Belgien
95%
Brasilien
94%
Bolivien
78%
Bulgarien
77%
Bangladesch
76%
Bahamas
75%
Bahrain
69%
Barbados
68%
Benin
68%
Bhutan
68%
Burundi
68%
Botswana
67%
Brunei
67%
Bosnien und Herzegowina
65%
Belarus
63%
Belize
61%
Burkina Faso
59%
Keine übereinstimmenden Quizze gefunden
Verteilung der Resultate
Anzahl Personen mit jedem Resultat
Perzentil nach korrekt beantworteten Fragen
Ihre Resultats-Entwicklung
Sie haben dieses Quiz noch nicht gespielt